000 00257nam a22001217a 4500
003 SGT
082 _a823
_bBOY
100 _aBOYNE JONE
245 _aTHE BOY IN THE STRIPED PYJAMAS
260 _aU.K
_bVINTAGE BOOK
_c2012
300 _a223
942 _2ddc
_cBK
999 _c33496
_d33496